000 00688nam a2200241Ia 4500
003 0100
008 130227s9999 xx 000 0 und d
020 _a0948335009
040 _cARRUPELIB
050 _aLC116.G7S436 1985
100 _aScruton, Roger; Ellis-Jones, Angela
245 _aEducation and indoctrination
245 _bAn Attempt at definition and a review of social and political implications
260 _aHarrow, UK
260 _bEducation Research Centre
260 _C1985
300 _a64p
300 _b 21cm
650 _bCatalonia (Spain) - History
650 _cCatalonia (Spain) - Description & travel
700 _aO'Keefe, Dennis
942 _2lcc
_01
999 _c4419
_d4419